<?xml version="1.0" encoding="UTF-8"?>
<marc:record xmlns:marc="http://www.loc.gov/MARC21/slim">
   <marc:leader>00000nam a2200000 a 4500</marc:leader>
   <marc:datafield ind1="1" ind2=" " tag="100">
      <marc:subfield code="a">Newman, Catherine</marc:subfield>
      <marc:subfield code="4">aut</marc:subfield>
      <marc:subfield code="e">Verfasser/-in</marc:subfield>
   </marc:datafield>
   <marc:datafield ind1="0" ind2="0" tag="245">
      <marc:subfield code="a">Sandwich</marc:subfield>
   </marc:datafield>
   <marc:datafield ind1="0" ind2="0" tag="245">
      <marc:subfield code="b">Ein fast perfekter Sommer</marc:subfield>
   </marc:datafield>
   <marc:datafield ind1="0" ind2="0" tag="245">
      <marc:subfield code="c">Newman, Catherine</marc:subfield>
   </marc:datafield>
   <marc:datafield ind1=" " ind2="1" tag="264">
      <marc:subfield code="a">Hamburg</marc:subfield>
      <marc:subfield code="b">HarperCollins Paperback</marc:subfield>
      <marc:subfield code="c">2026</marc:subfield>
   </marc:datafield>
   <marc:datafield ind1=" " ind2=" " tag="250">
      <marc:subfield code="a">1. Auflage</marc:subfield>
   </marc:datafield>
   <marc:datafield ind1="1" ind2=" " tag="520">
      <marc:subfield code="a">Seit zwei Jahrzehnten freut sich Rocky auf den jährlichen Ausflug ihrer Familie nach Cape Cod. Ihr rustikales Ferienhaus am Strand ist ein Ort voll schöner Erinnerungen, dessen schrullige Möbel und nicht zusammenpassende Töpfe und Pfannen sie wie alte Freunde begrüßen. Diesen Sommer mit ihren Kindern, die erwachsen genug sind, um ohne sie Spaß zu haben, aber noch jung genug, um sie zu brauchen, und ihren Eltern, die noch gesund sind, möchte Rocky am liebsten für immer bewahren. Eine kostbare Woche, in der alles im Gleichgewicht ist. Doch als plötzlich nicht mehr allein ihr Körper für Überraschungen sorgt, gerät die präzise ausbalancierte Urlaubsdynamik ins Wanken. Keine Familie ist perfekt, aber Rockys ist unfassbar liebenswert.</marc:subfield>
   </marc:datafield>
   <marc:datafield ind1=" " ind2=" " tag="020">
      <marc:subfield code="a">9783365013854</marc:subfield>
      <marc:subfield code="9">9783365013854</marc:subfield>
   </marc:datafield>
   <marc:datafield ind1=" " ind2=" " tag="020">
      <marc:subfield code="a">3365013857</marc:subfield>
      <marc:subfield code="9">3365013857</marc:subfield>
   </marc:datafield>
   <marc:datafield ind1=" " ind2=" " tag="041">
      <marc:subfield code="a">ger</marc:subfield>
   </marc:datafield>
   <marc:datafield ind1=" " ind2=" " tag="300">
      <marc:subfield code="a">288 Seiten</marc:subfield>
   </marc:datafield>
</marc:record>
